[Event "Challenge"]
[Site "http://www.queenalice.com/game.php?id=1869188"]
[Date "2026.2.13"]
[Round "-"]
[White "Fauquinelle"]
[Black "jogo"]
[Result "1-0"]
[WhiteElo "2077"]
[BlackElo "1757"]

1. c4 Nf6 2. d4 e6 3. g3 h6 4. Bg2 Bb4+ 5. Nc3 O-O 6. Nf3 d5 7. Qb3 Bxc3+ 8.
bxc3 Nc6 9. Ne5 Na5 10. Qa4 Nxc4 11. Nxc4 1-0

[Event "AUTO-MASTER-3296"]
[Site "http://www.queenalice.com/game.php?id=1869264"]
[Date "2026.2.15"]
[Round "1"]
[White "cerenzo72"]
[Black "Fauquinelle"]
[Result "1-0"]
[WhiteElo "2199"]
[BlackElo "2058"]

1. c4 e5 2. Nc3 Nc6 3. g3 g6 4. Bg2 Bg7 5. Nf3 d6 6. d3 f5 7. O-O Nf6 8. Rb1 O-O
9. b4 h6 10. e3 Be6 11. Bb2 Rb8 12. b5 Na5 13. Qd2 Nxc4 14. dxc4 Bxc4 15. Rfd1
e4 16. Nh4 Kh7 17. Qc2 a6 18. Nxe4 Nxe4 19. Qxc4 axb5 20. Qe6 Nf6 21. e4 Re8 22.
Qf7 Re7 23. Qxg6+ 1-0

[Event "AUTO-MASTER-3296"]
[Site "http://www.queenalice.com/game.php?id=1869265"]
[Date "2026.2.15"]
[Round "1"]
[White "Fauquinelle"]
[Black "cerenzo72"]
[Result "1-0"]
[WhiteElo "2048"]
[BlackElo "2196"]

1. d4 Nf6 2. Nf3 e6 3. Bf4 c5 4. e3 Qb6 5. Nc3 a6 6. a3 d6 7. Bc4 Qxb2 8. Na4
Qxa1 9. Qxa1 b5 10. Bxb5+ axb5 11. Nb6 Ra6 12. Nxc8 Kd7 13. Nxd6 Bxd6 14. Bxd6
Rxd6 15. Ne5+ Ke7 16. dxc5 Rd5 17. Qc3 Rhd8 18. Ke2 Ne4 19. Qb2 Nxc5 20. Nf3 f6
21. Qxb5 Nba6 22. Nd4 Kf7 23. c3 e5 24. Nc6 Rd2+ 25. Kf3 e4+ 26. Kg3 R8d5 27.
Qc4 Nc7 28. Nb4 Kg6 29. Nxd5 Rxd5 30. h4 h5 31. Rb1 Rf5 32. Rb6 N7e6 33. Rxe6
Nxe6 34. Qxe6 1-0

[Event "AUTO-MASTER-3296"]
[Site "http://www.queenalice.com/game.php?id=1869277"]
[Date "2026.2.15"]
[Round "1"]
[White "Fauquinelle"]
[Black "JailtonMaster"]
[Result "1-0"]
[WhiteElo "2070"]
[BlackElo "2263"]

1. d4 d5 2. c4 e6 3. Nc3 Nf6 4. Bg5 h6 5. Bxf6 Qxf6 6. cxd5 exd5 7. Nxd5 Qd6 8.
Nc3 Nc6 9. e3 a6 10. Bc4 b5 11. Bb3 Be7 12. a3 O-O 13. Qd3 b4 14. Ne4 Qg6 15.
Bd5 bxa3 16. bxa3 Bb7 17. Nh3 Qxg2 18. Nf6+ 1-0

[Event "AUTO-ADV-4902"]
[Site "http://www.queenalice.com/game.php?id=1869368"]
[Date "2026.2.17"]
[Round "2"]
[White "Fauquinelle"]
[Black "Capixabba789"]
[Result "1-0"]
[WhiteElo "2080"]
[BlackElo "1845"]

1. d4 d5 2. c4 e6 3. Nc3 Nf6 4. Bg5 Be7 5. e3 O-O 6. Nf3 c6 7. Rc1 dxc4 8. Bxc4
Nd5 9. Bxe7 Nxe7 10. O-O Ng6 11. Qb3 a5 12. a4 Na6 13. Rcd1 Nb4 14. e4 Qf6 15.
d5 exd5 16. exd5 cxd5 17. Nxd5 Nxd5 18. Bxd5 Rb8 19. Rfe1 b6 20. Nd4 Ba6 21. Re3
Bb7 22. Nc6 Bxc6 23. Bxc6 Ne5 24. Bb5 h6 25. h3 Rfd8 26. Rde1 Ng6 27. Rf3 Qg5
28. Qxf7+ Kh7 29. Rg3 Qh5 30. Be8 Rxe8 31. Rxe8 Qd1+ 32. Kh2 Rxe8 33. Qxe8 Qd6
34. Qe4 Qf6 35. Rg4 Qd6+ 36. g3 Qf6 37. Kg2 h5 38. Qxg6+ Qxg6 39. Rxg6 Kxg6 40.
f4 Kf5 41. Kf3 g5 42. g4+ hxg4+ 43. hxg4+ Kf6 44. fxg5+ Kxg5 45. Kg3 Kg6 46. Kf4
Kf6 47. g5+ Kg6 48. Kg4 1-0

[Event "AUTO-ADV-4902"]
[Site "http://www.queenalice.com/game.php?id=1869369"]
[Date "2026.2.17"]
[Round "2"]
[White "Capixabba789"]
[Black "Fauquinelle"]
[Result "0-1"]
[WhiteElo "1890"]
[BlackElo "2071"]

1. d4 d5 2. Nc3 c6 3. f4 Bf5 4. Nf3 Na6 5. a3 Nf6 6. e3 e6 7. Bxa6 bxa6 8. O-O
Qb6 9. Ne5 c5 10. Kh1 cxd4 11. exd4 Bd6 12. Ne2 O-O 13. Ng3 Bxe5 14. fxe5 Ne8
15. Nxf5 exf5 16. Rxf5 Nc7 17. Rh5 Kh8 18. Qg4 Qg6 19. Rg5 Qe6 20. Rxg7 Qxg4 21.
Rxg4 Rab8 22. Bg5 Ne8 23. Rf1 Rb7 24. c3 a5 25. Rf6 Rg8 26. Ra6 Rxb2 27. h3 Rb6
28. Rxa7 Rbg6 29. Ra8 Nc7 30. Rxg8+ Kxg8 31. Bd8 Nb5 32. a4 Nxc3 33. Rf4 Rg3 34.
Bxa5 Nxa4 35. Bd8 Nc3 36. Rg4+ Rxg4 37. hxg4 Kg7 38. g5 Kg6 39. Kh2 Ne2 40. Bb6
Kxg5 41. Kh3 Kf4 42. g4 Ke4 43. Kh4 Nxd4 44. Bc7 Ne6 45. Kh5 Nxc7 46. Kh6 Kxe5
47. Kxh7 d4 0-1

[Event "AUTO-ADV-4902"]
[Site "http://www.queenalice.com/game.php?id=1869370"]
[Date "2026.2.17"]
[Round "2"]
[White "Fauquinelle"]
[Black "chessman"]
[Result "0-1"]
[WhiteElo "2062"]
[BlackElo "2052"]

1. e4 e6 2. Nc3 d5 3. Nf3 dxe4 4. Nxe4 Nd7 5. Bb5 a6 6. Ba4 b5 7. Bb3 Ngf6 8.
Qe2 Bb7 9. d3 Be7 10. Bf4 Nxe4 11. dxe4 O-O 12. O-O-O Qc8 13. Nd4 c5 14. Nxe6
fxe6 15. Bxe6+ Kh8 16. Bxd7 Qd8 17. Bg3 Qa5 18. Kb1 Rad8 19. Qg4 c4 20. c3 b4
21. cxb4 Qxb4 22. Be5 Bf6 23. Bxf6 Rxf6 24. Bf5 Rfd6 25. Rc1 Rd2 0-1

[Event "AUTO-ADV-4902"]
[Site "http://www.queenalice.com/game.php?id=1869371"]
[Date "2026.2.17"]
[Round "2"]
[White "chessman"]
[Black "Fauquinelle"]
[Result "1-0"]
[WhiteElo "2034"]
[BlackElo "2080"]

1. e4 e5 2. Nf3 Nc6 3. Bc4 Bc5 4. b4 Bxb4 5. c3 Bc5 6. O-O Nf6 7. d4 exd4 8. e5
Ng4 9. cxd4 d5 10. exd6 Bxd6 11. Bxf7+ Kf8 12. Bb3 h5 13. Ba3 Bf5 14. Bxd6+ cxd6
15. Nc3 Qb6 16. Nd5 Qa5 17. Re1 Re8 18. Rxe8+ Kxe8 19. Qf1 Kd7 20. Nh4 Bh7 21.
Qe1 Re8 22. Qxa5 1-0

[Event "AUTO-OPEN-4640"]
[Site "http://www.queenalice.com/game.php?id=1869641"]
[Date "2026.2.22"]
[Round "1"]
[White "Carlos19"]
[Black "Fauquinelle"]
[Result "0-1"]
[WhiteElo "1797"]
[BlackElo "2089"]

1. e4 c6 2. a4 d5 3. e5 Bf5 4. d4 e6 5. g4 Be4 6. f3 Bg6 7. Nc3 Bb4 8. Bd2 Nd7
9. Nge2 f6 10. f4 fxe5 11. dxe5 Qc7 12. Nd4 Bf7 13. h4 h6 14. Na2 Bc5 15. Nb3
Be7 16. g5 hxg5 17. fxg5 Qxe5+ 18. Be2 Nc5 19. Bc3 Qg3+ 20. Kd2 Ne4+ 21. Kc1
Nxc3 22. Nxc3 Rxh4 23. Rg1 Bxg5+ 24. Nd2 Qf4 25. b3 Nf6 26. Rf1 Qd4 27. Rf3 Bg6
28. Rd3 Bxd3 29. cxd3 Qxc3+ 30. Kb1 Qxd2 31. Qf1 Nd7 32. Ra2 Qc3 33. Rb2 Nc5 34.
Qg2 Bf6 35. Bf3 Nxb3 36. Ka2 Rxa4+ 0-1

[Event "AUTO-OPEN-4640"]
[Site "http://www.queenalice.com/game.php?id=1869642"]
[Date "2026.2.22"]
[Round "1"]
[White "Fauquinelle"]
[Black "Carlos19"]
[Result "1-0"]
[WhiteElo "2084"]
[BlackElo "1802"]

1. c4 e5 2. Nc3 Bb4 3. Qb3 a5 4. a3 Bxc3 5. Qxc3 Nc6 6. d3 Nf6 7. Bg5 h6 8. Bh4
d6 9. Nf3 Bg4 10. Nd2 g5 11. Bg3 Nd4 12. f3 Be6 13. e3 Nf5 14. Bf2 c5 15. Be2 b6
16. O-O O-O 17. b4 axb4 18. axb4 Rxa1 19. Rxa1 Qb8 20. bxc5 bxc5 21. g4 Ne7 22.
d4 cxd4 23. exd4 Nd7 24. dxe5 Nxe5 25. Ne4 Kg7 26. Rd1 Nc8 27. Bg3 Qb6+ 28. Bf2
Qc7 29. Kg2 Nb6 30. Rxd6 Nc8 31. Qxe5+ Kg8 32. Bd4 f6 33. Nxf6+ Kf7 34. Qxe6+
Kg7 35. Nh5+ Kh7 36. Bd3+ 1-0